00453nmm a2200169Ia 4500008004100000020001800041041000800059100001900067245000900086264005200095300001800147490001400165650002900179856005100208942000700259999001700266251105s9999||||xx |||||||||||||||||und|| a9788481099683 aspa aCoover, Robert 0aNoir a[Madrid, España] :bGalaxia Gutenberg, c2012 a480 páginas aNarrativa aNorth American narrative uhttps://public.digitaliapublishing.com/a/28832 cCF c85829d85829